000 00278nam a22001337a 4500
008 170306b xxu||||| |||| 00| 0 eng d
020 _a9780321724120
041 _aeng
080 _210 ED
_a575
100 _a6
101 _aSHM
245 _aGENETICS
_cKLUG.C
942 _2udc
_cBK
999 _c6792
_d6792